00654nam a22001937a 4500999001900000005001700019010001300036020002500049035001400074037001300088082000800101100002300109245004600132260003100178270009500209300002000304942002200324952011400346 c165402d16540220190617152929.0 aB-125633 a9789383657445c30.00 aEN-109165 bDBAD/PUB a250 aBatchelor, Stephen aA secular Buddhism/cby Stephen batchelor aNew delhibCritical Quest  a420, G-Block, Phase VI, Aya Nagarb New Delhie110047k9910036543mcriticalquest@gmail.com a40p.c21cm(pbk) 2ddccENh250mBAT 001040708NFICaLbLd2019-06-17eDBAD/PUBg30.00l0o250 BATpEN-109165r2019-06-17 00:00:00t1v30.00yEN